| 000 | 01108nas a2200373 4500 | ||
|---|---|---|---|
| 001 | BR0901068 | ||
| 003 | BR-BrBNA | ||
| 005 | 20231205113133.0 | ||
| 007 | ta | ||
| 008 | 230509b bl.|||p| |||| 00| 00por d | ||
| 040 |
_aBR-BrBNA _bpor _cBiblioteca Nacional de Agricultura |
||
| 041 | _a(Pt) | ||
| 072 | _aL51 | ||
| 100 | 1 | _aSilveira, M.F. da | |
| 100 | 1 | _aKozloski, G.V. | |
| 100 | 1 | _aBrondani, I.L. | |
| 100 | 1 | _aAlves Filho, D.C. | |
| 100 | 1 | _aRestle, J. | |
| 100 | 1 | _aLeite, D.T. | |
| 100 | 1 | _aMetz, P.A.M. | |
| 100 | 1 | _aSilveira, S.R.L. da | |
| 245 | 1 | _aGanho de peso vivo e fermentação ruminal em novilhos mantidos em pastagem cultivada de clima temperado e recebendo diferentes suplementos | |
| 650 | _aGADO DE CORTE | ||
| 650 | _aSUPLEMENTO ALIMENTAR | ||
| 650 | _aAVEIA | ||
| 650 | _aSORGO | ||
| 650 | _aFISIOLOGIA ANIMAL | ||
| 650 | _aPESO | ||
| 650 | _aSILAGEM | ||
| 650 | _aFERMENTAÇÃO | ||
| 773 | 0 |
_tCiência Rural (Brazil) _xISSN 0103-8478 _g(May-Jun 2006), v. 36(3) p. 898-903 _wBR0901068 |
|
| 909 |
_a202311 _bLúcia _c55 _dLúcia Elande |
||
| 942 |
_2AGRIS _n0 _cANA |
||
| 999 |
_c202054 _d202054 |
||